Reconnaissance botanique #1 - Statistiques

Statistiques générales
  • Ce quiz a été pris 14 fois
  • Le résultat moyen est 3 sur 8
Statistiques - réponses
Par images Hint Réponse % Correct
 Un pied = une feuille Fougère aigle
90%
 Folioles dentées bien découpés Fougère femelle
70%
 Folioles découpées en dents arrondies Fougère mâle
70%
 Feuilles avec un canal en V (typique des carex) Laîche des bois
20%
 Couleur vert sombre voire bleu Molinie bleue
20%
 Espèce très courante dans les forêts tempérées Thuidie à feuilles de Tamaris
20%
 Herbe qui « râpe », Pas de feuille en V car ce n’est pas un carex Canche cespiteuse
10%
 Ressemblent à des « petits sapins » Polytric élégant
10%
Aucun quiz correspondant
Distribution des résultats
% des personnes avec chaque résultat
Percentile par nombre de réponses
Votre historique - résultats
Vous n’avez pas pris ce quiz